01361cam a22002891 4500001001300000003000400013005001700017008004100034010001700075035001800092040008000110042001200190050002600202051001700228086001900245100003000264245003500294260016100329300003400490410005300524500001600577501033300593504003100926650004700957650005001004999001701054hew62000119 DLC20260227111511.0730420s1962 dcua b 000 0 eng c ahew62000119  a(OCoLC)607410 aU.S. Dept. of Health, Education and WelfarecOYUdNcRSdISSdIUdOCoLCdDLC apremarc00aL111b.A6 1962, no. 5 aLB2342b.M790 aFS 5.250:500271 aMushkin, Selma J.,d1913-10aEconomics of higher education. a[Washington]bU.S. Dept. of Health, Education, and Welfare, Office of Education [For sale by the Superintendent of Documents, U.S. Govt. Print. Off.,c1962] axviii, 406 p.billus.c24 cm.20aU.S. Office of Education.tBulletin 1962,vno. 5 a"OE-50027." aCopies 1 and 2 of L111.A6 with: Publications of the Office of Education, 1962. -- Leadership role of state supervisors of mathematics. -- Research in the teaching of science, July 1957-July 1959. Washington : U.S. Dept. of Health, Education, and Welfare, Office of Education, 1962. Bound together subsequent to publication.5DLC aBibliographical footnotes. 0aEducation, HigherzUnited StatesxFinance. 0aEducation, HigherzUnited StatesvStatistics. c34373d34373